| 000 | 00612 a2200193 4500 | ||
|---|---|---|---|
| 001 | 63192 | ||
| 005 | 20260407155927.0 | ||
| 008 | 260407a1964 arg spa d | ||
| 003 | AR-UNSa-BCEJYS | ||
| 040 |
_aAR-UNSa-BCEJYS _bspa _cAR-UNSa-BCEJYS |
||
| 080 |
_a339.9 _xEconomía internacional en general. Relaciones económicas internacionales. Economía mundial |
||
| 245 | 1 | 0 | _aEquilibrio y crecimiento en la economía mundial |
| 264 | 1 |
_aMadrid : _bEdiciones Rialp _c1964 |
|
| 300 |
_a420 p. _c24 cm. |
||
| 041 | _aspa | ||
| 942 | _cBK | ||
| 590 | _aniveau_biblio:m niveau_hierar:0 | ||
| 100 | 1 | _aNurkse, Ragnar | |
| 999 |
_c8033 _d8033 |
||